00277nam a2200121Ia 4500008004100000100001500041245003900056260001600095300000900111650001300120942000700133999001500140190216s9999||||xx |||||||||||||| ||und|| aSankaran S 0aEconomics And Development Of India bNew Heights a994p aCommerce cBK c9325d9325